ՀՀ Գիտությունների ազգային ակադեմիայի հիմնարար գիտական գրադարան  =   Fundamental Scientific Library of NAS RA

Определение механических свойств полимерных материалов / (Record no. 529901)

MARC details
000 -LEADER
fixed length control field 01276nam a22002297a 4500
003 - CONTROL NUMBER IDENTIFIER
control field AM-YEHGA
005 - DATE AND TIME OF LATEST TRANSACTION
control field 20250617164817.0
008 - FIXED-LENGTH DATA ELEMENTS--GENERAL INFORMATION
fixed length control field 221013s1962 ru a||||r|||||000|0|rus||
040 ## - CATALOGING SOURCE
Original cataloging agency AM-YeHGA
041 0# - LANGUAGE CODE
Language code of text/sound track or separate title rus
001 - CONTROL NUMBER
control field 1828249
090 ## - LOCALLY ASSIGNED LC-TYPE CALL NUMBER (OCLC); LOCAL CALL NUMBER (RLIN)
-- 568387
100 1# - MAIN ENTRY--PERSONAL NAME
Personal name Мейнстер, П. Г.
245 10 - TITLE STATEMENT
Title Определение механических свойств полимерных материалов /
Statement of responsibility, etc. П. Г. Мейнстер, А. Д. Курицина ; Государственный комитет Совета Министров СССР по автоматизации и машиностроению.
260 ## - PUBLICATION, DISTRIBUTION, ETC.
Place of publication, distribution, etc. Москва :
Name of publisher, distributor, etc. ЦИНТИ по автоматизации и машиностроению,
Date of publication, distribution, etc. 1962.
300 ## - PHYSICAL DESCRIPTION
Extent 28 с. :
Other physical details черт. ;
Dimensions 22 см.
490 0# - SERIES STATEMENT
Series statement [IX серия "Новые материалы в машиностроении"] / Институт машиноведения
650 14 - SUBJECT ADDED ENTRY--TOPICAL TERM
Topical term or geographic name entry element Полимеры
General subdivision Физико-механические свойства
Form subdivision Определение
700 1# - ADDED ENTRY--PERSONAL NAME
Personal name Курицина, А. Д.
710 2# - ADDED ENTRY--CORPORATE NAME
Corporate name or jurisdiction name as entry element СССР.
Subordinate unit Государственный комитет Совета Министров по автоматизации и машиностроению.
942 ## - ADDED ENTRY ELEMENTS (KOHA)
Source of classification or shelving scheme Universal Decimal Classification
Koha item type Գրքեր / Books
Holdings
Withdrawn status Lost status Damaged status Not for loan Collection Home library Current library Date acquired Total checkouts Full call number Barcode Date last seen Price effective from Koha item type Public note
        General Fundamental Scientific Library Fundamental Scientific Library 08/04/2022   РII/73243 FL0676340 05/04/2024 08/04/2022 Գրքեր / Books 30 Days Loan


ՀՀ ԳԱԱ հիմնարար գիտական գրադարան
ՀՀ,Երևան 0019
Մարշալ Բաղրամյան 24/6
հեռախոս:(374-10) 52-47-50
Հետադարձ կապ

All site content, except where otherwise noted, is licensed under a
Creative Commons License